000 01196cam a2200313 i 4500
001 14034900
003 EG-ScBUE
005 20240922091958.0
008 050713r20051974nyua f b 001 0 eng d
020 _a0486445291 (pbk.)
020 _a9780486445298 (pbk.)
040 _aDLC
_beng
_erda
_cDLC
_dDLC
_dEG-ScBUE
082 0 4 _a512.55
_222
_bGIL
100 1 _aGilmore, Robert,
_d1941-
_eauthor.
_924423
245 1 0 _aLie groups, lie algebras, and some of their applications /
_cRobert Gilmore, Drexel University.
264 1 _aMineola, N.Y. :
_bDover Publications,
_c2005.
300 _axx, 587 pages :
_billustrations ;
_c22 cm
336 _2rdacontent
_atext
_btxt
337 _aunmediated
_2rdamedia
_bn
338 _avolume
_bnc
_2rdacarrier
504 _aIncludes bibliographical references and index.
650 7 _aLie groups.
_2BUEsh
_924424
650 7 _aLie algebras.
_2BUEsh
_924425
653 _cMay2011
655 _vReading book
856 4 2 _3Publisher description
_uhttp://www.loc.gov/catdir/enhancements/fy0625/2005051787-d.html
942 _2ddc
_cBB
999 _c15468
_d15468